Welcome to the Holygrace Academy Library

Please use search bar below to get started

ANIMAL FARM (Record no. 6816)

MARC details
000 -LEADER
fixed length control field 00618nam a22001457a 4500
020 ## - INTERNATIONAL STANDARD BOOK NUMBER
ISBN 978-0-143-41631-9
082 ## - DEWEY DECIMAL CLASSIFICATION NUMBER
Classification number 823
Item number ORW/G
100 ## - MAIN ENTRY--AUTHOR NAME
Personal name OEWELL, GEORGE
245 ## - TITLE STATEMENT
Title ANIMAL FARM
260 ## - PUBLICATION, DISTRIBUTION, ETC. (IMPRINT)
Place of publication HARYANA
Name of publisher PENGUIN BOOKS
Year of publication 2011
300 ## - PHYSICAL DESCRIPTION
Number of Pages 95
520 ## - SUMMARY, ETC.
Summary, etc Animal Farm is a beast fable, in the form of a satirical allegorical novella, by George Orwell, first published in England on 17 August 1945. It tells the story of a group of anthropomorphic farm animals who rebel against their human farmer, hoping to create a society where the animals can be equal, free, and happy.
650 ## - SUBJECT ADDED ENTRY--TOPICAL TERM
Topical Term SHORT STORY
942 ## - ADDED ENTRY ELEMENTS (KOHA)
Koha item type Books
Holdings
Withdrawn status Lost status Collection code Home library Current library Shelving location Date acquired Source of acquisition Cost, normal purchase price Full call number Accession Number Koha item type
    Fiction Main Library Main Library NEW SHELF WITH NEW ENTRY 27/09/2023 Purchase 125.00 823 ORW/G 12917 Books